|
|
|
|
| LEADER |
00985aam a22003138a 4500 |
| 001 |
00034430 |
| 005 |
20171026081025.0 |
| 008 |
160826s2016 ||||||viesd |
| 020 |
# |
# |
|c 58000
|a 9786046242567
|
| 041 |
0 |
# |
|a vie
|
| 082 |
1 |
4 |
|a 398.209 597
|b V510H
|
| 100 |
1 |
# |
|a Lê, Phương Liên
|
| 245 |
1 |
0 |
|a Vui học văn dân gian cho học sinh tiểu học
|c Lê Phương Liên
|
| 260 |
# |
# |
|a Hà Nội
|b Đại học quốc gia Hà Nội
|c 2016
|
| 300 |
# |
# |
|a 229 tr.
|c 24 cm.
|
| 653 |
# |
# |
|a Câu chuyện
|
| 653 |
# |
# |
|a Tiểu học
|
| 653 |
# |
# |
|a Văn học dân gian
|
| 653 |
# |
# |
|a Việt Nam
|
| 852 |
# |
# |
|b Kho giáo trình
|j KGT.0051122
|
| 852 |
# |
# |
|b Kho mượn
|j KGT.0051122, KGT.0051644
|
| 852 |
# |
# |
|j KGT.0051122
|j KGT.0051644
|j KD.0017855
|
| 852 |
# |
# |
|b Kho đọc
|j KD.0017855
|
| 910 |
|
|
|d 26/08/2016
|
| 980 |
# |
# |
|a Trung tâm Học liệu Lê Vũ Hùng, Trường Đại học Đồng Tháp
|